000
00280nam a22001217a 4500
008
181030b xxu||||| |||| 00| 0 eng d
041
_a
eng
080
_a
610.73
100
_a
2
101
_a
INF
245
_a
5 Cardiovascular Critical Care Nursing
_c
Woods, S.L
942
_2
udc
_c
BK
999
_c
51121
_d
51121